00576nam a22001817a 450000500170000001000150001702000110003203500140004303700130005708200110007010000260008124500470010726000420015427000680019630000300026450000750029470000250036920240520151737.0 aENG-140381 c500.00 aEN-123913 bDBAD/PUB a583.09 aBhat, K. Gopalkrishna aPalms Of Karnataka/c K. Gopalkrishna Bhat aKarnatakabK. Gopalkrishna Bhatc2011 a'Madhuca', Srinivasa Nagara, Chitpady, Udupi- 576101bKarnataka a93p.c24cm(pbk)bPictures aGlossary, References, Index To Scientific Names, Index To Common Names aBhat, K.Gopalkrishna